| 000 | nam a22 a 4500 | ||
|---|---|---|---|
| 999 |
_c696 _d696 |
||
| 005 | 20170504154811.0 | ||
| 008 | 170504b1991 xxu||||| |||| 00| 0 eng d | ||
| 020 | _a 0671749102 | ||
| 020 | _a0671711350 (Simon and Schuster) | ||
| 040 | _aAKMAL | ||
| 082 |
_220 _a158.4 COV |
||
| 100 |
_aCovey, Stephen R. _91295 |
||
| 245 |
_aPrinciple-centered leadership / _cStephen R. Covey. |
||
| 260 |
_aNew York _bSummit Books _cc1991. |
||
| 300 | _ccm | ||
| 599 | _aDALAM PROSES | ||
| 650 |
_aSuccess |x Psychological aspects. _91495 |
||
| 650 |
_aSuccess in business _91084 |
||
| 650 |
_aLeadership. _9120 |
||
| 852 |
_aBritish Library _bDSC |
||
| 942 |
_2ddc _cBOOK |
||